Modern english grammar & vocabulary usage / (Record no. 35907)

MARC details
000 -LEADER
fixed length control field 00829nam a22002057a 4500
005 - DATE AND TIME OF LATEST TRANSACTION
control field 20100511103159.0
008 - FIXED-LENGTH DATA ELEMENTS--GENERAL INFORMATION
fixed length control field 100511t xxu||||| |||| 00| 0 eng d
020 ## - INTERNATIONAL STANDARD BOOK NUMBER
International Standard Book Number 9380018029
Terms of availability 225.00
037 ## - SOURCE OF ACQUISITION
Source of stock number/acquisition PUB
040 ## - CATALOGING SOURCE
Original cataloging agency DPL
100 ## - MAIN ENTRY--PERSONAL NAME
Personal name Agarwal, Radharaman
245 ## - TITLE STATEMENT
Title Modern english grammar & vocabulary usage /
Statement of responsibility, etc by Radharaman Agarwal and Priyanka Choudhary
260 ## - PUBLICATION, DISTRIBUTION, ETC. (IMPRINT)
Place of publication, distribution, etc Jaipur
Name of publisher, distributor, etc Shyam Prakashan
Date of publication, distribution, etc 2009
270 ## - ADDRESS
Address Geetanjali Aparment, 1926, Nataniyon ka rasta
City Jaipur
Postal code 302003
300 ## - PHYSICAL DESCRIPTION
Extent vii, 386p. :
Dimensions 23 cm.(Pbk)
700 ## - ADDED ENTRY--PERSONAL NAME
Personal name Choudhary, Priyanka
942 ## - ADDED ENTRY ELEMENTS (KOHA)
Source of classification or shelving scheme Dewey Decimal Classification
Item type English Books
Call number suffix AGA
Holdings
Withdrawn status Lost status Source of classification or shelving scheme Damaged status Not for loan Home library Current library Date acquired Cost, normal purchase price Total Checkouts Full call number Date last seen Copy number Cost, replacement price Koha item type
    Dewey Decimal Classification   Ordered Andrews Gunj Andrews Gunj 11/05/2010 225.00   AGA 11/05/2010 1 225.00 English Books

© Delhi Public Library
Hit Counter
free hit counter